Historia argentina 1955-1976 /

Guardado en:
Autor Corporativo: Colegio Carlos Pellegrini-UBA.
Formato: Deslizar
Materias:
Etiquetas: Agregar Etiqueta
Sin Etiquetas, Sea el primero en etiquetar este registro!
LEADER 01019ngm a22002655g 4500
001 CEM.cems022253
008 130507b1996##################0###0#####d
005 20241014193120.0
245 1 0 |a Historia argentina 1955-1976 /  |c Colegio Carlos Pellegrini-UBA. 
300 |a 55'. 
500 |a En soporte VHS, consultar en ventanilla. 
538 |a Soporte: VHS - Norma: Pal N - Color - Grabación DRD 1996 - Hitachi=4495 
505 0 |a Sucesos políticos en la Argentina desde 1955 con el gobierno de Perón hasta 1976, con la Junta Militar. Procesos políticos, socioeconómicos, culturales, hasta el gobierno de Videla. 
110 2 |a Colegio Carlos Pellegrini-UBA. 
082 9 8 |/ URI 
653 |a HISTORIA ARGENTINA CONTEMPORANEA 
653 |a POLITICA 
653 |a PERON, JUAN D. 
653 |a JUNTA MILITAR 
653 |a SUBVERSION 
653 |a VIDELA 
653 |a PIGNA, FELIPE 
653 |a NIVEL PRIMARIO 
653 |a NIVEL SECUNDARIO 
859 |a CEMS  |b BIB. CEMS - Depto. Recursos Didacticos  |h 982  |i URI  |k DRD  |p 896.12  |t Ej.1